| 000 | 01557naa a22003977a 4500 | ||
|---|---|---|---|
| 001 | BR7704783 | ||
| 003 | BR-BrBNA | ||
| 005 | 20250714141743.0 | ||
| 007 | ta | ||
| 008 | 250630b bl.|||m| |||| 00| 0 por d | ||
| 040 |
_aBR-BrBNA _bpor _cBiblioteca Nacional de Agricultura |
||
| 041 | _a(Pt) | ||
| 072 |
_aF40; K20; P20 _b/G514 |
||
| 090 | _aF40 BR7704783 | ||
| 100 | 1 | _aAlmeida, E. de F. | |
| 100 | 1 | _aGoncalves, L.M.C. | |
| 100 | 1 | _aRibeiro, A.G. | |
| 100 | 1 | _aFerreira, H. de C. | |
| 245 | 1 | _aFolhas SB/SC. 18 Javari/Contamana, 4. Vegetacao: as regioes fitoecologicas, sua natureza e seus recursos economicos [Regiao Norte, Brasil] | |
| 500 | _aFolhas SB/SC. 18 Javari/Contamana; Geologia, Geomorfologia, pedologia, vegetacao e uso potencial da terra Rio de Janeiro, RJ (Brasil): 1977. p. 275-372 [32 illus.; 24 tables; 43 ref.; Summaries (En, Pt)] (BR7704783-AMS) | ||
| 773 | 0 |
_tFolhas SB/SC. 18 Javari/Contamana; Geologia, Geomorfologia, pedologia, vegetacao e uso potencial da terra _wF40 BR7704783 _gRio de Janeiro, RJ (Brasil), 1977. p. 275-372 |
|
| 650 | _aVEGETACAO | ||
| 650 | _aFLORESTA | ||
| 650 | _aECOSSISTEMA | ||
| 650 | _aDISTRIBUICAO GEOGRAFICA | ||
| 650 | _aTAXONOMIA VEGETAL | ||
| 650 | _aRECURSO NATURAL | ||
| 650 | _aCONSERVACAO | ||
| 650 | _aMADEIRA | ||
| 650 | _aEXTRACAO DA MADEIRA | ||
| 650 | _aINVENTARIO FLORESTAL | ||
| 650 | _aREGIAO NORTE | ||
| 490 |
_aLevantamento de Recursos Naturais - Projeto RADAMBRASIL (Brazil) _vv. 13 |
||
| 942 |
_cAMS _2AGRIS |
||
| 909 |
_a202506 _bLúcia _c55 _dLúcia Elande |
||
| 999 |
_c333042 _d333042 |
||